| 000 | 01241cam a22003617a 4500 | ||
|---|---|---|---|
| 003 | CHAP | ||
| 005 | 20220817043441.0 | ||
| 008 | 980602d1990 mx a r 00010 spa d | ||
| 010 | _a75662 | ||
| 011 | _a76634 | ||
| 035 | _a86220 | ||
| 040 | _cCHAP | ||
| 090 | _aFolleto 15093 | ||
| 100 | 0 | 0 |
_aCadena Zapata, Martín. _917058 |
| 245 | 1 | 0 |
_aEquipo sencillo para la perforación de pozos _c/por Martín Cadena Zapata y Santos G. Campos Magaña |
| 260 |
_aVeracruz, Ver. : _bINIFAP. Campo Experimental Cotaxtla, _c1990. |
||
| 300 | _aHoja desplegable | ||
| 410 | 2 | 1 | _aINIFAP. Campo Experimental Cotaxtla |
| 490 | 0 |
_aDesplegable para productores _v; 2 |
|
| 590 |
_aBATCH-UPD _b10 _c20130110 _lUCH01 _h0543 |
||
| 590 |
_aBATCH-UPD _b10 _c20130110 _lUCH01 _h2229 |
||
| 590 |
_aBATCH-UPD _b10 _c20130410 _lUCH01 _h0224 |
||
| 590 |
_aBATCH-UPD _b10 _c20130914 _lUCH01 _h0830 |
||
| 590 |
_aCONVERSION _b10 _c20130109 _lUCH01 _h1341 |
||
| 650 | 1 | 4 |
_aPozos. _991207 |
| 700 | 0 | 2 |
_aCampos Magaña, Santos G. _918114 |
| 810 | 0 | 0 |
_aINIFAP. Campo Experimental Cotaxtla _958653 |
| 830 | 0 |
_aDesplegable para productores _v; 2 |
|
| 901 | _aBK | ||
| 905 | _aMayto Villalobos S. | ||
| 942 | _cFOLL | ||
| 949 |
_aFolleto 15093 _bBC _cFOLL _d862201 _eTS1 _i86220 _sb |
||
| 999 |
_c75662 _d75662 |
||